Ciele a nástroje regionálnej politiky Európskej únie na programovacie obdobie 2007-2013

Základné ciele spoločnej zahraničnej a bezpečnostnej politiky Európskej únie. Nástroje a ciele regionálnej politiky Európskej únie pre programovacie obdobie 2007-2013. Komparácia doterajších a navrhovaných cieľov regionálnej politiky Európskej únie. Štruktúra finančného krytia cieľov regionálnej p...

Descrizione completa

Salvato in:
Dettagli Bibliografici
Autore principale: Kožiak, Radoslav
Natura: Capitolo di libro
Lingua:slovacco
Soggetti:
Tags: Aggiungi Tag
Nessun Tag, puoi essere il primo ad aggiungerne!!

MARC

LEADER 00000naa$a2200000$$$4500
001 0054778
005 20231017070152.7
041 0 |a slo 
044 |a CZ 
245 1 0 |a Ciele a nástroje regionálnej politiky Európskej únie na programovacie obdobie 2007-2013  |c Radoslav Kožiak 
520 |a Základné ciele spoločnej zahraničnej a bezpečnostnej politiky Európskej únie. Nástroje a ciele regionálnej politiky Európskej únie pre programovacie obdobie 2007-2013. Komparácia doterajších a navrhovaných cieľov regionálnej politiky Európskej únie. Štruktúra finančného krytia cieľov regionálnej politiky EÚ na roky 2007 -2013 Štruktúra cieľov a rozdelenia finančných nástrojov regionálnej politiky 2007-2013. 
610 2 0 |a Európska únia 
610 2 0 |a politika hospodárska medzinárodná 
610 2 0 |a politika sociálna 
610 2 0 |a politika regionálna 
610 2 0 |a nástroje finančné 
610 2 0 |a fondy štruktúrne 
100 1 |a Kožiak, Radoslav